| 000 | 00956nam a22002297a 4500 | ||
|---|---|---|---|
| 005 | 20260220085301.0 | ||
| 008 | 260220b |||||||| |||| 00| 0 eng d | ||
| 020 | _a9788126715978 (hbk) | ||
| 037 | _cTB | ||
| 040 |
_aCRL _cCRL |
||
| 041 |
_2hin _ahin |
||
| 084 |
_aNT44 152P8 _qCRL |
||
| 100 | _aअंकुर, देवेन्द्र राज | ||
| 245 | _aपढ़ते सुनते देखते | ||
| 260 |
_aनई दिल्ली, भारत: _bराजकमल प्रकाशन, _c2008. |
||
| 300 | _a307पृ. | ||
| 365 |
_b995.00 _cINR |
||
| 650 | _aललित कला | ||
| 650 | _aथिएटर | ||
| 942 |
_2CC _cTB _hNT44 152P8 _n0 |
||
| 999 |
_c1680058 _d1680058 |
||